| 000 | 00704nam a2200205 a 4500 | ||
|---|---|---|---|
| 005 | 20210223132937.0 | ||
| 008 | 160531s2015 mx r 000 0 spa d | ||
| 020 | _a9786074954722 | ||
| 035 | _aUPN01000210899 | ||
| 049 | _aI | ||
| 050 | 4 |
_aRC489 T7 _bC6.7 |
|
| 100 | 1 |
_aConstantine Llergo, Gina _939584 |
|
| 245 | 1 | 3 |
_aEl silencio que habla : _bpara entender a las personas con autismo / _cGina Constantine Llergo ; il. Humberto Vega. |
| 260 |
_aToluca : _bGobierno del Estado de México : _bFOEM, _c2015. |
||
| 300 |
_a53 p. : _bil. col. |
||
| 440 | 0 |
_aIdentidad. _pCuadernos de pedagogía y didáctica |
|
| 650 | 4 |
_aAUTISMO - _vLITERATURA INFANTIL _925288 |
|
| 905 | _aInfantil | ||
| 999 |
_c183000 _d183000 |
||